El mundo del adolescente
Guardat en:
| Autor principal: | |
|---|---|
| Format: | Llibre |
| Idioma: | espanyol |
| Publicat: |
Santiago
Universitaria
1983
|
| Col·lecció: | Colección el sembrador
|
| Matèries: | |
| Etiquetes: |
Afegir etiqueta
Sense etiquetes, Sigues el primer a etiquetar aquest registre!
|
MARC
| LEADER | 00000nam a2200000 a 4500 | ||
|---|---|---|---|
| 001 | UCY6209 | ||
| 003 | CL-VaPUC | ||
| 008 | 950521e19830500CL |||||||||||||||||spa|d | ||
| 082 | 0 | 4 | |a 155.5 |b ROA |2 21 |
| 100 | 0 | |a Roa Rebolledo, Armando |e author |9 336033 | |
| 245 | 1 | 3 | |a El mundo del adolescente |
| 300 | |a 252 p | ||
| 942 | |c BK | ||
| 945 | |d 19950521 00:00:00 |a cmena | ||
| 260 | |a Santiago |b Universitaria |c 1983 | ||
| 650 | 0 | |a Psicología |9 257863 | |
| 650 | 0 | |a Juventud |9 271073 | |
| 650 | 0 | |a Psicología del adolescente |9 307864 | |
| 650 | 0 | |a Educación |9 258661 | |
| 650 | 0 | |a Trastornos del comportamiento |9 311363 | |
| 650 | 0 | |a Familias |9 255641 | |
| 650 | 0 | |a Relaciones interpersonales |9 307056 | |
| 650 | 0 | |a Interacción social |9 307764 | |
| 650 | 0 | |a Problemas sociales |9 258537 | |
| 583 | |a last modification |c 19950521 00:00:00 |k Rodrigo Vera | ||
| 490 | 0 | |a Colección el sembrador | |
| 999 | |c 233789 |d 233787 | ||
| 952 | |0 0 |1 0 |4 0 |6 155_500000000000000_ROA_1983 |7 0 |8 P |9 239534 |a BIBEDU |b BIBEDU |d 2019-11-18 |i 1507834 |o 155.5 ROA 1983 |p 1507834 |r 2024-01-25 |w 2019-11-18 |y BK |k EDU | ||